Statistics for Fifa 20 Top 25 Colombia Players

Click here to take the quiz!

General Stats

  • This quiz has been taken 29 times
  • The average score is 11 of 25

Answer Stats

RatingTeamPlayer% Correct
85Real MadridJames Rodriguez
95%
83Tottenham HotspurDavinson Sanchez
90%
83GalatasarayRadamel Falcao
90%
82AtalantaDuvan Zapata
80%
78GenoaCristian Zapata
75%
83Piemonte CalcioJuan Cuadrado
75%
78EvertonYerry Mina
70%
80NapoliDavid Ospina
65%
80AtalantaLuis Muriel
55%
79Villarreal CFCarlos Bacca
50%
79Atletico MadridSantiago Arias
50%
76Houston DynamoDarwin Quintero
35%
79BournemouthJefferson Lerma
35%
80NunezJuan Fernando Quintero
35%
76FC PortoMateus Uribe
30%
79SampdoriaJeison Murillo
20%
76Brighton & Hove AlbionJose Izquierdo
20%
77NunezRafael Santos Borre
20%
76Pachuca CFEdwin Cardona
15%
77Club AtlasCamilo Vargas
10%
76MonterreyDorlan Pabon
10%
78Buenos AiresFrank Fabra
10%
76Shanghai ShenhuaGiovanni Moreno
10%
77Al-HilalGustavo Cuellar
5%
76Atletico JuniorTeofilo Gutierez
0%

Score Distribution

Percentile by Number Answered

Percent of People with Each Score

Your Score History

You have not taken this quiz